Noms de Pays contenant... Couleurs - Statistiques

Statistiques générales
  • Ce quiz a été pris 46 fois
  • Le résultat moyen est 4 sur 8
Statistiques - réponses
Marque Solutions Pays % Correct
Bleu 6 Belgique, Biélorussie, Bulgarie, Luxembourg, République centrafricaine, République...
80%
Beige 4 Belgique, Bosnie-Herzégovine, Guinée-Bissau, Trinité-et-Tobago
80%
Vert 4 Cap-Vert, Côte-d'Ivoire, Saint-Christophe-et-Niévès, Saint-Vincent-et-les-grenadines
71%
Grenadine 1 Saint-Vincent-et-les-grenadines
71%
Bronze 1 Bosnie-Herzégovine
41%
Ambre 3 Birmanie, République Dominicaine, Émirats arabes unis
37%
Rouge 2 Guinée-équatoriale, Luxembourg
24%
Sable 1 Bangladesh
20%
Aucun quiz correspondant
Distribution des résultats
% des personnes avec chaque résultat
Percentile par nombre de réponses
Votre historique - résultats
Vous n’avez pas pris ce quiz